MARC

LEADER 00000nam0a2200000 4500
001 306311
005 20231102001901.0
035 |a (RuTPU)RU\TPU\book\331588 
035 |a RU\TPU\book\331587 
090 |a 306311 
100 |a 20151006d1983 k y0rusy50 ca 
101 0 |a rus 
102 |a RU 
105 |a a z 101zy 
200 1 |a Упорядочение атомов и его влияние на свойства сплавов  |e тезисы докладов VII Всесоюзного совещания, 24-26 мая 1983 г., Свердловск  |f Академия наук СССР (АН СССР), Уральский научный центр (УНЦ), Институт физики металлов (ИФМ)  |h Ч. 2 
210 |a Свердловск  |c [Б. и.]  |d 1983 
215 |a 168 с.  |c ил. 
320 |a Библиография в конце докладов 
606 1 |a Сплавы  |x Физика  |2 stltpush  |3 (RuTPU)RU\TPU\subj\55940  |9 73892 
610 1 |a упорядочение 
610 1 |a фазовые превращения 
610 1 |a пластическая деформация 
610 1 |a переходные металлы 
610 1 |a упорядоченные сплавы 
610 1 |a электронная структура 
610 1 |a физические свойства 
610 1 |a прочность 
610 1 |a пластичность 
610 1 |a совещания 
675 |a 669.018:53(063)  |v 4 
712 0 2 |a Академия наук СССР (АН СССР)  |b Уральский научный центр (УНЦ)  |b Институт физики металлов (ИФМ)  |c (Екатеринбург)  |2 stltpush  |3 (RuTPU)RU\TPU\col\12630 
712 1 2 |a Упорядочение атомов и его влияние на свойства сплавов  |c совещание  |d 7  |e Свердловск  |f 1983 
801 1 |a RU  |b 63413507  |c 20151006 
801 2 |a RU  |b 63413507  |c 20190524  |g RCR 
942 |c BK